=LDR 00000nam 2200000 4500 =001 INLIS000000000060856 =990 ##$$a 1202201482 =005 20230901033628 =990 ##$$a 1202201480 =035 ##$$a 0010-0322000209 =990 ##$$a 1202201481 =007 ta =990 ##$$a 1202201483 =008 230901###########################0#ind## =020 ##$$a 978-602-446-483-7 =082 ##$$a 371.1 =084 ##$$a 371.1 MAR s =100 #$$a Marjuki =245 1#$$a 181 Model Pembelajaran Paikem Bebasis Pendekatan Saintifik /$c Marjuki =260 ##$$a Bandung :$b Remaja Rosdakarya,$c 2020 =300 ##$$a ix,336 hlm. ; $c 24 cm =650 #4$$a Pembelajaran =990 ##$$a 1202201480 =990 ##$$a 1202201481 =990 ##$$a 1202201482 =990 ##$$a 1202201483